عرض عادي
عرض مارك
- Reisner, Noam,
مدخل إسم شخص
001 - رقم الضبط
- حقل الضبط: 7549
003 - معرف رقم الضبط
- حقل الضبط: OSt
005 - تاريخ ووقت أخر عملية
- حقل الضبط: 20111210095708.0
008 - عناصر بيانات ثابتة الطول
- حقل تحكم ثابت الطول: 111210|||a|||||| | ||| d
040 ## - مصدر الفهرسة
- هيئة الفهرسة الأصلية: OSt
- وكالة الكتابة: OSt
100 ## - مدخل -- أسم شخص
- إسم شخص: Reisner, Noam,
- تواريخ مرتبطة بالاسم: 1974-
670 ## - بيانات المصدر موجوده
- الاستشهاد بالمصدر: Work cat.: (OSt)0: Reisner, Noam, 1974-, Milton and the ineffable /, 2009.
